000 00567nam a2200217Ia 4500
003 OSt
005 20220923230907.0
006 a|||||r|||| 00| 0
007 ta
008 Pun
024 _a306,268
037 _cTextual
040 _aARTS
_cARTS
_bPun
041 _2Pun
_aPun
082 _aQ8441x, 153L7
100 _aਮਸਤਾਨਾ, ਪ੍ਰੀਤਮ ਸਿੰਘ
245 0 _aਈFਵਰ ਦਰFਨ
260 _c1977
942 _hQ8441x, 153L7
_cTEXL
_2CC
999 _c388054
_d388054